000 01173cam a2200229 a 4500
020 _a0872629872
082 0 0 _a624.15
_bDES
_cL-39, P-188
245 0 0 _aDesign and performance of deep foundations :
_bpiles and piers in soil and soft rock : proceedings of sessions sponsored by the Committees on Deep Foundations and Rock Mechanics of the Geotechnical Engineering Division of the American Society of Civil Engineers in conjunction with the ASCE Convention in Dallas, Texas, October 24-28, 1993 /
_cedited by Priscilla P. Nelson, Trevor D. Smith, and Edward C. Clukey.
260 _aNew York, NY :
_bAmerican Society of Civil Engineers,
_cc1993.
300 _avi, 279 p. :
_bill. ;
_c22 cm.
526 _a0
_b0
_c0
_d624_150000000000000_DES
650 0 _aFoundations
_xCongresses.
_942382
650 0 _aMCE
_9379
650 0 _aPiers
_xCongresses.
_942383
650 0 _aPiling (Civil engineering)
_xCongresses.
_942384
700 1 _aClukey, Edward Charles,
_942385
700 1 _aNelson, Priscilla P.
_942386
700 1 _aSmith, Trevor D.
_942387
710 2 _aAmerican Society of Civil Engineers.
_9702
710 2 _aAmerican Society of Civil Engineers.
_9702
942 _2ddc
_cBK
999 _c549903
_d549903